Meiji Ishin no kiso kōzō : Nihon shihon shugi keisei no kiten.

Saved in:
Bibliographic Details
Main Author: Nakamura, Satoru, 1931-
Format: Book
Language:Japanese
Published: Tōkyō : Miraisha, 1968.
Subjects:
Tags: Add Tag
No Tags, Be the first to tag this record!
LEADER 00937nam a2200277 a 4500
001 007767416-2
005 20024617115958.0
008 900412s1968 ja b b 000 0 jpn
010 |a 74800757 /J 
015 |a Ja68-13132 
035 0 |a ocm21363999 
040 |a DLC  |c CLU  |d OCoLC  |d CU  |d *YNH*  |d CStRLIN 
043 |a a-ja--- 
050 0 |a HD915  |b .N28 
100 1 |6 880-01  |a Nakamura, Satoru,  |d 1931- 
245 1 0 |6 880-02  |a Meiji Ishin no kiso kōzō :  |b Nihon shihon shugi keisei no kiten. 
260 |6 880-03  |a Tōkyō :  |b Miraisha,  |c 1968. 
300 |a 520, vii p. :  |b maps ;  |c 22 cm. 
504 |a Includes bibliographical references. 
650 0 |a Land tenure  |z Japan  |x History. 
650 0 |a Agriculture  |x Economic aspects  |z Japan. 
880 1 |6 100-01  |a 中村哲,  |d 1931- 
880 1 0 |6 245-02  |a 明治維新の基礎構造 :  |b 日本資本主義形成の起点. 
880 |6 260-03  |a 東京 :  |b 未来社,  |c 1968. 
988 |a 20021214 
906 |0 DLC